000 00636nam a2200181Ia 4500
003 GCL
008 140319s9999 xx 000 0 ara d
040 _aGCL /
_cGCL
082 0 4 _aق
_b923.562
_bع س
100 1 _aعبدالعزيز حافظ دنيا
245 1 0 _aسليم الحجازى: من اعلام الجيش المصرى فى القرن التاسع عشر /
_cعبدالعزيز حافظ دنيا
300 _a188 ص
490 _aالهيئة العامة للاستعلامات
_v0
650 0 4 _aالتراجم
650 0 4 _aالعسكريون المصريون
650 0 4 _aسليم الحجازى
942 _2ddc
_cBK
999 _c49800
_d49800